[Event "DOM-ch"]
[Site "Santo Domingo"]
[Date "2017.05.07"]
[Round "11"]
[White "Duran Moya, Joel Aneudy"]
[Black "Quezada Payano, Jose Miguel"]
[Result "1/2-1/2"]
[WhiteElo "1901"]
[BlackElo "1818"]
[PlyCount "103"]
[EventDate "2017.04.21"]
[EventType "swiss"]
[EventRounds "11"]
[EventCountry "DOM"]
[SourceTitle "EXT 2018"]
[Source "ChessBase"]
[SourceDate "2017.10.13"]
[SourceVersion "1"]
[SourceVersionDate "2017.10.13"]
[SourceQuality "1"]

1. e4 d6 2. d4 e5 3. dxe5 dxe5 4. Qxd8+ Kxd8 5. Bd2 Be6 6. Nc3 c6 7. 0-0-0 Kc7 8. f4 Bd6 9. fxe5 Bxe5 10. Nf3 f6 11. Nxe5 fxe5 12. Be2 Nd7 13. Rhf1 Ngf6 14. h3 h6 15. Kb1 Rad8 16. Be3 Nb6 17. Rxd8 Kxd8 18. g4 Nc4 19. Rd1+ Kc7 20. Bc5 Nd7 21. Bxc4 Bxc4 22. Bd6+ Kc8 23. b3 Be6 24. Rd3 g5 25. Rf3 h5 26. Be7 hxg4 27. hxg4 Rh4 28. Bxg5 Rxg4 29. Be7 Kc7 30. Rd3 Bf7 31. Bd6+ Kc8 32. Rh3 Kd8 33. Rh8+ Rg8 34. Rh4 Rg6 35. Rh8+ Rg8 36. Rh7 Ke8 37. Kb2 Nf6 38. Rh4 Ng4 39. Bb8 a6 40. Na4 Ke7 41. Ba7 Kf6 42. Nc5 Kg5 43. Rh7 Kg6 44. Rh1 b5 45. Rg1 Kh5 46. Nd7 Be6 47. Nc5 Bf7 48. Bb6 Bg6 49. Rh1+ Kg5 50. Rg1 Kh5 51. Rh1+ Kg5 52. Rg1 1/2-1/2

[Event "DOM-ch"]
[Site "Santo Domingo"]
[Date "2017.05.06"]
[Round "10"]
[White "Quezada Payano, Jose Miguel"]
[Black "Jimenez, Maykol Gefri"]
[Result "0-1"]
[WhiteElo "1818"]
[BlackElo "2074"]
[PlyCount "74"]
[EventDate "2017.04.21"]
[EventType "swiss"]
[EventRounds "11"]
[EventCountry "DOM"]
[SourceTitle "CBM 178 Extra"]
[Source "ChessBase"]
[SourceDate "2017.06.22"]
[SourceVersion "1"]
[SourceVersionDate "2017.06.22"]
[SourceQuality "1"]

1. e4 d6 2. Nc3 g6 3. Nf3 Bg7 4. d4 Nf6 5. Bc4 0-0 6. 0-0 Bg4 7. h3 Bxf3 8. Qxf3 Nc6 9. Be3 e5 10. Ne2 Nd7 11. c3 exd4 12. cxd4 Nde5 13. dxe5 Nxe5 14. Bxf7+ Rxf7 15. Qg3 Nc4 16. Bd4 Nd2 17. f4 Nxf1 18. Rxf1 Qe7 19. Bxg7 Kxg7 20. Qf3 Re8 21. Ng3 Qf6 22. Qg4 Kh8 23. f5 g5 24. Kh1 Qxb2 25. f6 Rxf6 26. Nf5 Qe5 27. Qxg5 Rg6 28. Qd2 Qxe4 29. Nh6 Rg7 30. Qf2 Qg6 31. Qd2 d5 32. Rf2 d4 33. Rf3 c5 34. Qf2 Qxh6 35. Rf8+ Rg8 36. Rf7 Ref8 37. Rxf8 Rxf8 0-1

[Event "DOM-ch"]
[Site "Santo Domingo"]
[Date "2017.04.22"]
[Round "3"]
[White "Crispin Ferreras, Darvi Abraham"]
[Black "Quezada Payano, Jose Miguel"]
[Result "1/2-1/2"]
[WhiteElo "2203"]
[BlackElo "1818"]
[PlyCount "47"]
[EventDate "2017.04.21"]
[EventType "swiss"]
[EventRounds "11"]
[EventCountry "DOM"]
[SourceTitle "CBM 178 Extra"]
[Source "ChessBase"]
[SourceDate "2017.06.22"]
[SourceVersion "1"]
[SourceVersionDate "2017.06.22"]
[SourceQuality "1"]

1. e4 d6 2. d4 e5 3. dxe5 dxe5 4. Qxd8+ Kxd8 5. Nf3 f6 6. Be3 c6 7. Nbd2 Be6 8. a3 Ne7 9. 0-0-0 Kc7 10. Be2 Nd7 11. g3 Rd8 12. h4 Nc8 13. b4 Ndb6 14. c4 Na4 15. Kc2 c5 16. b5 Be7 17. Ne1 Rd7 18. f4 Rhd8 19. Nef3 exf4 20. gxf4 Bf8 21. f5 Bg8 22. Nb1 Rxd1 23. Rxd1 Rxd1 24. Kxd1 1/2-1/2

[Event "DOM-ch"]
[Site "Santo Domingo"]
[Date "2017.04.22"]
[Round "2"]
[White "Quezada Payano, Jose Miguel"]
[Black "Jimenez Jimenez, Leandro"]
[Result "1/2-1/2"]
[WhiteElo "1818"]
[BlackElo "1974"]
[PlyCount "89"]
[EventDate "2017.04.21"]
[EventType "swiss"]
[EventRounds "11"]
[EventCountry "DOM"]
[SourceTitle "CBM 178 Extra"]
[Source "ChessBase"]
[SourceDate "2017.06.22"]
[SourceVersion "1"]
[SourceVersionDate "2017.06.22"]
[SourceQuality "1"]

1. e4 e5 2. Nf3 Nc6 3. Bc4 Bc5 4. Nc3 Nf6 5. 0-0 d6 6. h3 Be6 7. Be2 Nd4 8. d3 Nxe2+ 9. Qxe2 Nh5 10. Kh2 Qf6 11. g3 h6 12. Nxe5 Qxe5 13. f4 Nxg3 14. Kxg3 Qf6 15. f5 Bd7 16. Nd5 Qd8 17. Qg4 g6 18. Bd2 Bd4 19. c3 Be5+ 20. Kg2 c6 21. Nf4 Qf6 22. d4 Bxf4 23. Bxf4 gxf5 24. exf5 0-0-0 25. Bg3 Rhg8 26. Qf4 Rg5 27. Kh2 Rh5 28. Qg4 Rxf5 29. Bh4 Rxf1 30. Bxf6 Bxg4 31. Rxf1 Be2 32. Rf2 Re8 33. Bg7 Bc4 34. b3 Be6 35. Bxh6 Rh8 36. Rf6 Kd7 37. h4 Rg8 38. Bg5 Rg6 39. Kg3 Rxf6 40. Bxf6 Ke8 41. Kf4 Kf8 42. Kg5 Kg8 43. c4 Kh7 44. Be7 d5 45. c5 1/2-1/2